1660 1228 1146 2000 1684 1423 1548 1380 1271 1244 1319 1318 1793 1123 1678 1948 1873 1478 1450 1614 1195 1335 1744 1852 1019 1759 1429 1591 1173 1895 1053 1188 1017 1946 1143 1600 1596 1082 1652 1354 1030 1009 1189 1683 1314 1214 1418 1293 1068 1903 1799 1552 1439 1735 1569 1762 1202 1059 1371 1755 1319 1052 1371 1172 1585 1653 1578 1779 1839 1107 1602 1007 1640 1196 1809 1697 1920 1865 1095 1731 1112 1063 1588 1707 1356 1835 1682 1763 1910 1333 1910 1847 1780 1120 1750 1555 1234 1552 1461 BCNSPRNW ULIB Ver.6.0+V

เปลี่ยนเป็นภาษาไทย

Change to English
 แสดงรายละเอียดบรรณานุกรม
  กลับหน้าหลัก

Brief Record : Get Marc (ISO 2709) : E-mail record : QR code < ปิดหน้าต่าง
LEADER : 00000nam 2200000uu 4500
001    13399128837
003     ULIB
008    241009s2558||||th 000 0 tha d
020    ^a9789744019004
050  4 ^aLB2379^bณ259ช
100 0  ^aณัชชา พันธุ์เจริญ
245 10 ^aชวนอาจารย์เขียนตำรา ตอน เส้นทางสู่ศาสตราจารย์ /^cณัชชา พันธุ์เจริญ
250    ^aพิมพ์ครั้งที่ 4
260    ^aกรุงเทพฯ :^bธนาเพลส,^c2558
300    ^a166 หน้า ;^c21 ซม.
650  4 ^aการเขียนทางวิชาการ
650  4 ^aการเขียนหนังสือ
650  4 ^aตำรา^xการเขียน
653    ^aศาสตราจารย์ (ตำแหน่งทางวิชาการ)
653    ^aตำแหน่งทางวิชาการ
945    ^p110^l0^i011058
945    ^p110^l0^i011059
999    ^aประนอม เกษจรัล
รายการนี้ยังไม่มีแท็ก
คุณยังไม่ได้ล็อกอิน คุณสามารถมีกิจกรรมร่วมกับเว็บไซต์ได้ แต่ต้องล็อกอินก่อน ::
  ล็อกอิน

รายการสื่อสารสนเทศ

ลำดับที่ ประเภท เลขเรียก/บาร์โค้ด สถานที่ สถานะ
1. การศึกษาทั่วไป
หนังสือสำรอง
สถานะ=หนังสือสำรอง
LB2379 ณ259ช ฉ.1 
  Barcode: 011058
ห้องสมุดวิทยาเขตสวรรค์ประชารักษ์
►หนังสือทั่วไป
บนชั้น
2. การศึกษาทั่วไป
การศึกษาทั่วไป
LB2379 ณ259ช ฉ.2 
  Barcode: 011059
ห้องสมุดวิทยาเขตสวรรค์ประชารักษ์
►หนังสือทั่วไป
บนชั้น

รายการใกล้เคียง
    ผู้แต่ง [ณัชชา พันธุ์เจริญ]

    หัวเรื่อง [การเขียนทางวิชาการ]
    หัวเรื่อง [การเขียนหนังสือ]

BibComment


ยังไม่เคยถูกคอมเมนท์

คอมเมนท์ทรัพยากรรายการนี้
  คอมเมนท์: ชวนอาจารย์เขียนต..


 Copyright 2026. Bcnsprnw @Library